| 000 | 00887nam a22002177a 4500 | ||
|---|---|---|---|
| 999 |
_c59430 _d59430 |
||
| 003 | Ge_BSU | ||
| 005 | 20230215152605.0 | ||
| 008 | 230215b xxu||||| |||| 00| 0 geo d | ||
| 041 | _ageo | ||
| 080 | _a342.7(100) + 351.9(4) მ-74 | ||
| 100 |
_aმიქანაძე, გივი _916921 |
||
| 245 |
_aევროპის ომბუდსმენები / _c[რედ.: ირაკლი სესიაშვილი]. |
||
| 264 |
_aთბილისი, _c1999. |
||
| 300 |
_a350 გვ. ; _b20 სმ. |
||
| 504 | _aბიბლიოგრ.: გვ. 349-350. | ||
| 653 | _aადამიანის ძირითადი უფლებები | ||
| 653 | _aსამართალი | ||
| 653 | _aომბუდსმენი | ||
| 700 |
_aსესიაშვილი, ირაკლი _eრედაქტორი _916922 |
||
| 942 |
_2udc _cBK |
||